000 01103nam a2200337Ia 4500
005 20251020182453.0
008 200515s9999 xx 000 0 und d
020 _a84-329-1015-5
082 _a621.4.047/E92
100 _aColl Coll, D. Antonio
100 _aDe Castro Vicente, D. Miguel
100 _aEstévez Somolinos, D. Segundo
100 _aMiguel Vidal, Ricardo
100 _aRodríguez Fernández, D. Jaime
100 _aVillalta Esquius, D. Juan
245 0 _aTransmisiones y bastidor
250 _a7a ed.
260 _aBarcelona
260 _bCEAC
260 _c1981
300 _a499 p.
300 _btbl., graf.
490 _aENCICLOPEDIA CEAC DEL MOTOR Y AUTOMOVIL
500 _a1 ejemplar
520 _aEstudio sobre los automóviles, contiene los siguientes temas: el embrague, desmontaje y montaje, averías y desarreglos, embragues automáticos, el cambio de velocidades automáticos, averías y desarreglos y sistemas de frenos.
650 _aMECANICA AUTOMOTRIZ
650 _aMOTORES
650 _aSISTEMA DE TRANSMISION
942 _cLIB
999 _c909
_d909